Preparing to diversify (Record no. 92466)

MARC details
000 -LEADER
fixed length control field 01132cam a2200277 4500
001 - CONTROL NUMBER
control field ##B2264
008 - FIXED-LENGTH DATA ELEMENTS--GENERAL INFORMATION
fixed length control field 090401t1989 xxu||||| |||| 00| 0 eng d
035 ## - SYSTEM CONTROL NUMBER
System control number (Sirsi) u49011
041 0# - LANGUAGE CODE
Language code of text/sound track or separate title eng
050 04 - LIBRARY OF CONGRESS CALL NUMBER
Classification number 630 $2 18
090 ## - LOCALLY ASSIGNED LC-TYPE CALL NUMBER (OCLC); LOCAL CALL NUMBER (RLIN)
Classification number (OCLC) (R) ; Classification number, CALL (RLIN) (NR) RICS 1989/24 ABC
111 2# - MAIN ENTRY--MEETING NAME
Meeting name or jurisdiction name as entry element Royal Institution of Chartered Surveyors Land Agency and Agriculture Division and the Central Association of Agricultural Valuers Joint Conference
Date of meeting or treaty signing (1989
Location of meeting London)
245 00 - TITLE STATEMENT
Title Preparing to diversify
Remainder of title pitfalls, planning and practice
260 ## - PUBLICATION, DISTRIBUTION, ETC.
Place of publication, distribution, etc. London
Name of publisher, distributor, etc. Institution and College Conferences
Date of publication, distribution, etc. 1989
300 ## - PHYSICAL DESCRIPTION
Extent 5
Type of unit papers
Dimensions 30cm.
350 ## - PRICE (NR) (BK AM CF MU VM SE) [OBSOLETE]
Price 0
505 1# - FORMATTED CONTENTS NOTE
Formatted contents note Pitfalls of diversifying - the lawyer's view -- Funding new ventures -- Politicians, planners - a help or a hindrance? A landowner's view -- How are the Europeans coping? -- Rating and diversification - a valuer's approach.
690 ## - LOCAL SUBJECT ADDED ENTRY--TOPICAL TERM (OCLC, RLIN)
Topical term or geographic name as entry element PROPERTY-RURAL AND NATURAL ASSETS-RURAL AND NATURAL ASSET MANAGEMENT
700 1# - ADDED ENTRY--PERSONAL NAME
Personal name Hargreave, Hume
700 1# - ADDED ENTRY--PERSONAL NAME
Personal name Ingram, Paul
700 1# - ADDED ENTRY--PERSONAL NAME
Personal name Norris, John
700 1# - ADDED ENTRY--PERSONAL NAME
Personal name Walston, Oliver
700 1# - ADDED ENTRY--PERSONAL NAME
Personal name Womersley, Julian
942 ## - ADDED ENTRY ELEMENTS (KOHA)
Suppress in OPAC 0
948 ## - LOCAL PROCESSING INFORMATION (OCLC); SERIES PART DESIGNATOR (RLIN)
c (OCLC) 04/03/1997
Holdings
Withdrawn status Lost status Source of classification or shelving scheme Damaged status Not for loan Home library Current library Shelving location Date acquired Total Checkouts Full call number Barcode Date last seen Copy number Price effective from Koha item type Date last checked out
    Dewey Decimal Classification     London London RICS Boxes 14/09/1999   RICS 1989/24 30032045 06/08/2019 1 06/08/2019 Archive  
    Dewey Decimal Classification     London London RICS Boxes 14/08/1991   RICS 1989/24 30019304 06/08/2019 2 06/08/2019 Reference material  
    Dewey Decimal Classification     London London RICS Boxes 14/08/1991 3 RICS 1989/24 30019308 06/08/2019 3 06/08/2019 Book 21/04/2006